000 01269nam a2200349 a 4500
001 000113494
003 CHAP
005 20220329144357.0
008 170725s2017 mx sm |||||||spa d
010 _a109955
011 _a110927
040 _cCHAP
090 _aTesis
100 1 _aBonilla Melchi, Eliseo
_9132809
245 1 0 _aControl químico de la maleza mixta en cebolla en el municipio de Acatlan, Puebla
_h[En línea]
_cpor Eliseo Bonilla Melchi.
260 _aChapingo, Méx. :
_bEl autor,
_c2017.
500 _aPara ver el contenido del material haga clic en la liga
502 _aTesis (Ing. Agr. Esp. en Parasitología Agrícola) -- UACH. Departamento de Parasitología Agrícola
590 _aBATCH
_b00
_c20181121
_lUCH01
_h0759
590 _aE11695DGD
_b10
_c20170726
_lUCH01
_h1054
590 _aE5765TAJ
_b05
_c20170725
_lUCH01
_h1130
590 _aE5765TAJ
_b05
_c20170725
_lUCH01
_h1130
650 1 4 _aCebolla
_xMalas hierbas
_xControl.
_920784
650 1 4 _aHerbicidas
_xAnálisis.
_9132171
650 1 4 _aHerbicidas
_xAplicación.
_953692
650 1 4 _aHerbicidas
_xFitotoxicidad.
_986488
856 _a1
_n0001000
856 _aFinding aid
_uhttp://10.13.5.2/tesis/sist113494.pdf
_zTeclea aquí
901 _aBK
942 _cTESIS
942 _n0
999 _c109955
_d109955